| 000 | 00000nam##2200000za#4500 |
| 001 | 9.578406 |
| 003 | CaOODSP |
| 005 | 20210624190055 |
| 007 | cr ||||||||||| |
| 008 | 150406|1987||||xxc|||||o f|0| 0 eng|d |
| 022 | |a1488-5379 |
| 040 | |aCaOODSP|beng |
| 043 | |an-cn--- |
| 086 | 1 |aFs97-6/1513E-PDF |
| 110 | 1 |aCanada. |bDepartment of Fisheries and Oceans. |
| 245 | 10|aTemporal and geographical variations in abundance of larval sealworm, Pseudoterranova (Phocanema) decipiens, in the fillets of American plaice (Hippoglossoides platessoides) in eastern Canada - 1985-86 surveys / |h[electronic resource]|cby G. McClelland, R.K. Misra and D.J. Martell. |
| 260 | |aHalifax - Nova Scotia : |bFisheries and Oceans Canada |c1987. |
| 300 | |a27p.|bfigs., references, tables |
| 490 | 1 |aCanadian technical report of fisheries and aquatic sciences|x1488-5379|vNo. 1513 |
| 500 | |aOn t.p.: Fisheries Research Branch, Halifax, Nova Scotia. The catalogue number and ISSN for the print edition appear in the PDF version. |
| 546 | |a(Résumé en français) |
| 590 | |a14-02-Supp|b2014-01-08 |
| 720 | 1 |aMcClelland, G. |
| 720 | 1 |aMartell, D. J. |
| 720 | 1 |aMisra, R. K. |
| 830 | #0|aCanadian technical report of fisheries and aquatic sciences,|x1488-5379|vNo. 1513|w(CaOODSP)9.504449 |
| 856 | 40|ahttp://publications.gc.ca|qPDF|s1873 KB|uhttps://publications.gc.ca/collections/collection_2013/mpo-dfo/Fs97-6-1513-eng.pdf|yNo. 1513 |